00933nam a2200241Ia 4500001000600000003000900006008004100015040001300056040001300069041001300082100001800095100002900113245004600142245002800188250001100216260001400227260001300241260004900254300004100303500030100344650001500645650003100660 2070IT-RoPAU130308s9999 xx 000 0 und d aIT-RoPAU cIT-RoPAU aFRANCESE aYllera Alicia gCodice Aut. SPICS: 10284 aRecherches semiologiques en Espagne (Les) bChamp semiologique (Le) a1a ed. aBRUXELLES bComplexe c1979 [1° Ed.:1979 - Ed.Ling.Originale:1979] a"43 p. (prefazione: no ; testo: 43)" aRicerche semiologiche in Spagna Introduzione della Semiotica in Spagna Filosofia o Linguistica Semiotica Letteraria Linguaggi iconici e Verbo Iconicisistemi iconici Pittura fotografia sistemi Verbo iconici Cinema Televisione Fumetto sistemi visivi Non iconici moda Architettura Semiotica del Mito aSEMIOLOGIA eCodice materia Spics: 3251